LEADER 01027nam a2200277 i 4500 001 991000832789707536 005 20020507174153.0 008 970430s1969 us ||| | eng 035 $ab1076351x-39ule_inst 035 $aLE01302998$9ExL 040 $aDip.to Matematica$beng 082 0 $a515.74 084 $aAMS 46F 084 $aAMS 46F10 100 1 $aDonoghue, William F.$046376 245 10$aDistributions and Fourier transforms /$cWilliam F. Donoghue 260 $aNew York :$bAcademic Press,$c1969 300 $aviii, 315 p. ;$c24 cm. 490 0 $aPure and applied mathematics.$pA series of monographs & textbooks [Academic Press],$x0079-8169 ;$v32 650 4$aDistributions 907 $a.b1076351x$b23-02-17$c28-06-02 912 $a991000832789707536 945 $aLE013 46F DON11 (1969)$g1$i2013000081052$lle013$o-$pE0.00$q-$rl$s- $t0$u0$v0$w0$x0$y.i10859007$z28-06-02 996 $aDistributions and fourier transforms$9330533 997 $aUNISALENTO 998 $ale013$b01-01-97$cm$da $e-$feng$gus $h0$i1 LEADER 01384nam a22003491i 4500 001 991003234269707536 005 20040206121034.0 008 040802s2003 xxu|||||||||||||||||eng 020 $a1584882964 035 $ab1304476x-39ule_inst 035 $aARCHE-099737$9ExL 040 $aBiblioteca Interfacoltà$bita$cA.t.i. Arché s.c.r.l. Pandora Sicilia s.r.l. 082 04$a570.1515 084 $aLC QH323.5 084 $a510.35 100 1 $aJones, Douglas Samuel$040441 245 10$aDifferential equations and mathematical biology /$cD. S. Jones, B. D. Sleeman 260 $aBoca Raton [etc.] :$bChapman & Hall,$c2003 300 $aXII, 390 p. ;$c24 cm 440 0$aMathematical biology and medicine series 500 $aRist. dell'ed.: London : Allen & Unwin, 1983 650 4$aBiomatematica 650 0$aBiomathematics 650 0$aDifferential equations 700 1 $aSleeman, Brian D. 907 $a.b1304476x$b02-04-14$c05-08-04 912 $a991003234269707536 945 $aLE006 510.35 JON$g1$i2006000155656$lle006$op$pE44.00$q-$rl$s- $t0$u1$v0$w1$x0$y.i14135346$z12-10-05 945 $aLE002 Scien. II G 26$g1$i2002000265593$lle002$nC. 1$o-$pE0.00$q-$rl$s- $t0$u0$v0$w0$x0$y.i13668535$z05-08-04 996 $aDifferential equations and mathematical biology$93370931 997 $aUNISALENTO 998 $ale006$ale002$b05-08-04$cm$da $e-$feng$gxxu$h0$i2 LEADER 01036nas 2200385 c 450 001 9910892120103321 005 20260218113054.0 011 $a2184-9218 035 $a(DE-599)ZDB3178680-7 035 $a(OCoLC)1427521790 035 $a(DE-101)1319283306 035 $a(CKB)5590000001288453 035 $a(DE-599)3178680-7 035 $a(EXLCZ)995590000001288453 100 $a20240214a20219999 |y | 101 0 $aeng 135 $aur||||||||||| 181 $ctxt$2rdacontent 182 $cc$2rdamedia 183 $acr$2rdacarrier 200 00$aArchivo papers$ejournal of photography and visual culture 210 31$a[Erscheinungsort nicht ermittelbar]$cArchivo Press$d03.05.2021- 215 $aOnline-Ressource 517 1 $aAPJournal 517 1 $aArchivo Papers Journal 517 1 $aAPJ 608 $aZeitschrift$2gnd-content 676 $a770 801 0$b0012 801 1$bDE-101 801 2$b9999 906 $aJOURNAL 912 $a9910892120103321 996 $aArchivo papers$94441456 997 $aUNINA